000 01136cam a2200349u 4500
999 _c174408
_d174408
001 7304881
003 Nust
005 20180727054422.0
008 830624s1873 nyuf 000 0 eng
010 _a 16007539
020 _a9780141191911 (pbk)
_cRs. 516
038 _aArshad
040 _aDLC
_cCarP
_dDLC
050 0 0 _aPZ3.C697
_bWo
_aPR4494.W5
082 _a823.8
_bCOL
100 1 _aCollins, Wilkie,
_d1824-1889.
_912061
245 1 4 _aThe woman in white.
_bA novel.
260 _aNew York,
_bHarper & brothers,
_c1860.
300 _a771 p.
_bincl. front., plates.
_c21 cm.
650 0 _aPsychiatric hospital patients
_vFiction.
_912062
650 0 _aInheritance and succession
_vFiction.
_912063
650 0 _aCountry homes
_vFiction.
_911649
650 0 _aArt teachers
_vFiction.
_912064
650 0 _aDeception
_vFiction.
_911292
650 0 _aNobility
_vFiction.
_912065
651 0 _aEngland
_vFiction.
_91072
655 7 _aPsychological fiction.
_2lcsh
_9953
655 7 _aGothic fiction.
_2gsafd
_910041
655 7 _aLove stories.
_2gsafd
_9418
906 _a0
_bcbc
_cpremunv
_du
_encip
_f19
_gy-gencatlg
942 _2ddc
_cBK